| 000 | 00328nam a22001337a 4500 | ||
|---|---|---|---|
| 999 |
_c527562 _d527562 |
||
| 003 | NUST | ||
| 038 | _awaseem | ||
| 082 |
_a891.421 _bNOO |
||
| 100 |
_aNoor, Muhammad Noor _918896 |
||
| 245 |
_aKehra Dard Vandaiy / _cNoor Muhammad Noor |
||
| 260 |
_aChandigarh : _bUnistars Book, _c[s.l]. |
||
| 300 | _a103 p. ; | ||
| 942 |
_2ddc _cBK |
||